| 000 | 00451nam a2200157Ia 4500 | ||
|---|---|---|---|
| 008 | 230312s9999||||xx |||||||||||||| ||und|| | ||
| 020 | _a978-81-317-1887 | ||
| 082 |
_a621.382 _bDOR-M |
||
| 100 | _aDorf Richard C. | ||
| 245 | 0 | _aModern Control Systems | |
| 260 |
_bPearson Education _aNew Delhi _c2008 |
||
| 300 | _a1018 | ||
| 546 | _aEng. | ||
| 650 |
_aEngineering _vIntroduction , Mathematical Models of systems , State Variable Models |
||
| 942 | _cBK | ||
| 999 |
_c1355 _d1355 |
||